Top 10 Países Europeas más Protestantes - Estadísticas

Estadísticas generales
  • Esta prueba ha sido intentada 4.365 veces
  • La puntuación promedio es 8 de 10
Estadísticas de respuestas
% País. % Correcto
27 Alemania
95%
50 Reino Unido
90%
64 Suecia
89%
82 Noruega
88%
72 Finlandia
86%
76 Dinamarca
82%
19 Países Bajos
81%
25 Suiza
74%
76 Islandia
67%
20 Letonia
50%
No se encontraron pruebas coincidentes
Distribución de puntuación
Porcentaje de gente con cada puntuación
Porcentaje por número respondido
Historial de tus puntuaciones
No has intentado esta prueba.